| 000 | 00558nam a2200181Ia 4500 | ||
|---|---|---|---|
| 008 | 151018s9999 xx 000 0 und d | ||
| 082 |
_bRBASDV50823 _a615.82 |
||
| 100 | _aराकेश इंदूरखा | ||
| 245 | _aसरल योगासन | ||
| 250 | _b1 | ||
| 260 |
_bआशिष पब्लि. _c2009 |
||
| 300 | _a16 | ||
| 600 | _aराकेश इंदूरखा | ||
| 630 | _aसरल योगासन | ||
| 700 | _aराकेश इंदूरखा | ||
| 730 | _aसरल योगासन | ||
| 942 | _cBOOK | ||
| 999 |
_c1049778 _d1049775 |
||